| 000 | 00643nam a2200205Ia 4500 | ||
|---|---|---|---|
| 008 | 240729s9999 xx 000 0 und d | ||
| 022 | _a2752-6364 | ||
| 245 | 0 | _aJournal of Internet and Digital Economics | |
| 260 | _aUnited Kingdom | ||
| 260 | _bEmerald Publishing | ||
| 650 | _a Economic theory. Demography | ||
| 650 | _a Economics as a science | ||
| 650 | _a Industrial engineering. Management engineering | ||
| 650 | _a Information technology | Social Sciences | ||
| 650 | _a Technology (General) | ||
| 650 | _aTechnology | ||
| 856 | _uhttps://doaj.org/toc/759ceb2ef3ac4b2ebbb8e2630031c923 | ||
| 942 | _2ddc | ||
| 942 | _cDOAJEJ | ||
| 999 |
_c69232 _d69232 |
||
| 945 |
_a1 _bMadushi Gamage _c1 _dMadushi Gamage |
||